World futures : The great bebate
Gespeichert in:
| 1. Verfasser: | |
|---|---|
| Format: | Buch |
| Sprache: | Undetermined |
| Veröffentlicht: |
England
Martin Roberson
1978
|
| Schlagworte: | |
| Tags: |
Tag hinzufügen
Keine Tags, Fügen Sie den ersten Tag hinzu!
|
| Thư viện lưu trữ: | Trung tâm Học liệu Trường Đại học Cần Thơ |
|---|
| LEADER | 00563nam a2200205Ia 4500 | ||
|---|---|---|---|
| 001 | CTU_84384 | ||
| 008 | 210402s9999 xx 000 0 und d | ||
| 082 | |a 330.9 | ||
| 082 | |b F855 | ||
| 100 | |a Freeman, Chrisopher | ||
| 245 | 0 | |a World futures : | |
| 245 | 4 | |b The great bebate | |
| 245 | 0 | |c Chrisopher Freeman, Marie Jahoda | |
| 260 | |a England | ||
| 260 | |b Martin Roberson | ||
| 260 | |c 1978 | ||
| 650 | |a Natural resources | ||
| 650 | |x Addresses, essays, lectures | ||
| 904 | |i QHieu(sửa) | ||
| 980 | |a Trung tâm Học liệu Trường Đại học Cần Thơ | ||